|
|
|
|
| LEADER |
02423cam a2200625 i 4500 |
| 001 |
nkc20233576218 |
| 003 |
CZ PrNK |
| 005 |
20251218142558.0 |
| 007 |
ta |
| 008 |
240125s2023 xr acehe 000 0dcze d |
| 015 |
|
|
|a cnb003576218
|
| 020 |
|
|
|a 978-80-909119-0-1
|q (brožováno)
|
| 035 |
|
|
|a (OCoLC)1568026094
|
| 040 |
|
|
|a CBA001
|b cze
|d BOA001
|e rda
|
| 043 |
|
|
|a e-xr---
|b e-xr-jc
|2 czenas
|
| 045 |
|
|
|a w-y-
|
| 072 |
|
7 |
|a 929
|x Biografie
|2 Konspekt
|9 8
|
| 080 |
|
|
|a 721:904
|2 MRF
|
| 080 |
|
|
|a 728.22
|2 MRF
|
| 080 |
|
|
|a 365-057.65
|2 MRF
|
| 080 |
|
|
|a 929
|2 MRF
|
| 080 |
|
|
|a (437.319)
|2 MRF
|
| 080 |
|
|
|a (048.8)
|2 MRF
|
| 080 |
|
|
|a (084.11)
|2 MRF
|
| 100 |
1 |
|
|a Pavelec, Petr,
|d 1965-
|7 jo20000074516
|4 aut
|4 pbl
|
| 245 |
1 |
0 |
|a Náš dům na budějovickém Pražském předměstí a jeho obyvatelé /
|c Petr Pavelec
|
| 250 |
|
|
|a Vydání první
|
| 264 |
|
1 |
|a České Budějovice :
|b Petr Pavelec,
|c 2023
|
| 300 |
|
|
|a 79 stran :
|b ilustrace (některé barevné), portréty, plány, faksimile ;
|c 21 x 24 cm
|
| 336 |
|
|
|a text
|b txt
|2 rdacontent
|
| 336 |
|
|
|a statický obraz
|b sti
|2 rdacontent
|
| 337 |
|
|
|a bez média
|b n
|2 rdamedia
|
| 338 |
|
|
|a svazek
|b nc
|2 rdacarrier
|
| 504 |
|
|
|a Obsahuje bibliografické odkazy
|
| 648 |
|
7 |
|a 19.-21. století
|7 ch757016
|2 czenas
|
| 650 |
0 |
7 |
|a dům čp. 5 (Skuherského ulice, České Budějovice, Česko)
|7 ph1236660
|2 czenas
|
| 650 |
0 |
7 |
|a historické budovy
|7 ph120726
|z Česko
|y 19.-21. století
|2 czenas
|
| 650 |
0 |
7 |
|a nájemní domy
|7 ph207154
|z Česko
|y 19.-21. století
|2 czenas
|
| 650 |
0 |
7 |
|a obyvatelé domů
|7 ph926044
|z Česko
|y 19.-21. století
|2 czenas
|
| 650 |
0 |
9 |
|a house nr. 5, Skuherského Street (České Budějovice, Czechia)
|2 eczenas
|
| 650 |
0 |
9 |
|a historic buildings
|z Czechia
|y 19th-21st centuries
|2 eczenas
|
| 650 |
0 |
9 |
|a rental houses
|z Czechia
|y 19th-21st centuries
|2 eczenas
|
| 650 |
0 |
9 |
|a householders
|z Czechia
|y 19th-21st centuries
|2 eczenas
|
| 651 |
|
7 |
|a České Budějovice (Česko)
|7 ge131699
|2 czenas
|
| 651 |
|
9 |
|a České Budějovice (Czechia)
|2 eczenas
|
| 655 |
|
7 |
|a přehledy
|7 fd133202
|2 czenas
|
| 655 |
|
7 |
|a obrazové publikace
|7 fd132947
|2 czenas
|
| 655 |
|
9 |
|a surveys
|2 eczenas
|
| 655 |
|
9 |
|a pictorial works
|2 eczenas
|
| 910 |
2 |
|
|a BOA001
|b 2-1529.134
|
| 920 |
|
|
|a 1288194
|z CBA001
|
| 990 |
|
|
|a BK
|
| 995 |
|
|
|a 01
|
| 991 |
|
|
|b 202408
|c NOV
|
| 996 |
6 |
|
|b 2610976835
|c 2-1529.134
|l MZK
|r Sklad / do 1 hodiny
|n 0
|p p.v.
|w 001973243
|u 000010
|a 1
|e BOA001
|j MZK50
|s P
|